[Event "25th 4NCL Congress"]
[Site "Leamington Spa, United Kingdom"]
[Date "2021.07.10"]
[Round "2.2"]
[White "Arkell, Keith C"]
[Black "Willmoth, Robert F"]
[Result "1-0"]
[TimeControl "All moves in 90 minutes + 30 seconds per move"]
[WhiteElo "2381"]
[BlackElo "2103"]

1. c4 {[%clk 01:30:50]} {[%emt 00:00:09]} e5 {[%clk 01:30:34]} {[%emt
00:00:26]} 2. Nc3 {[%clk 01:31:15]} {[%emt 00:00:05]} d6 {[%clk 01:30:53]}
{[%emt 00:00:11]} 3. d4 {[%clk 01:31:33]} {[%emt 00:00:12]} exd4 {[%clk
01:31:18]} {[%emt 00:00:06]} 4. Qxd4 {[%clk 01:32:00]} {[%emt 00:00:04]} Be6
{[%clk 01:31:28]} {[%emt 00:00:19]} 5. e4 {[%clk 01:31:05]} {[%emt 00:01:25]}
Nc6 {[%clk 01:31:43]} {[%emt 00:00:16]} 6. Qd2 {[%clk 01:31:13]} {[%emt
00:00:22]} Nf6 {[%clk 01:26:32]} {[%emt 00:05:41]} 7. b3 {[%clk 01:31:29]}
{[%emt 00:00:14]} Nxe4 {[%clk 01:05:01]} {[%emt 00:22:00]} 8. Nxe4 {[%clk
01:26:16]} {[%emt 00:05:44]} d5 {[%clk 01:04:14]} {[%emt 00:01:17]} 9. cxd5
{[%clk 01:20:41]} {[%emt 00:06:04]} Bb4 {[%clk 01:04:39]} {[%emt 00:00:05]} 10.
Nc3 {[%clk 01:12:20]} {[%emt 00:08:51]} Qf6 {[%clk 01:02:15]} {[%emt 00:02:54]}
11. Bb2 {[%clk 00:43:02]} {[%emt 00:29:49]} O-O-O {[%clk 01:00:13]} {[%emt
00:02:31]} 12. O-O-O {[%clk 00:32:05]} {[%emt 00:11:27]} Rxd5 {[%clk 00:39:16]}
{[%emt 00:21:28]} 13. Nxd5 {[%clk 00:27:37]} {[%emt 00:04:58]} Bxd2+ {[%clk
00:39:35]} {[%emt 00:00:11]} 14. Rxd2 {[%clk 00:28:02]} {[%emt 00:00:06]} Qh6
{[%clk 00:38:40]} {[%emt 00:01:23]} 15. Ne3 {[%clk 00:26:05]} {[%emt 00:02:28]}
Nb4 {[%clk 00:34:53]} {[%emt 00:04:16]} 16. Bc3 {[%clk 00:24:15]} {[%emt
00:02:21]} Nd5 {[%clk 00:31:13]} {[%emt 00:04:10]} 17. Nxd5 {[%clk 00:24:39]}
{[%emt 00:00:06]} Bxd5 {[%clk 00:31:39]} {[%emt 00:00:04]} 18. Nf3 {[%clk
00:12:51]} {[%emt 00:12:18]} Re8 {[%clk 00:19:13]} {[%emt 00:12:56]} 19. Bb5
{[%clk 00:10:08]} {[%emt 00:03:14]} c6 {[%clk 00:18:26]} {[%emt 00:01:17]} 20.
Bd3 {[%clk 00:10:29]} {[%emt 00:00:08]} Qf4 {[%clk 00:14:55]} {[%emt 00:03:59]}
21. Kc2 {[%clk 00:04:30]} {[%emt 00:06:32]} Bxf3 {[%clk 00:14:10]} {[%emt
00:01:15]} 22. gxf3 {[%clk 00:04:57]} {[%emt 00:00:03]} g6 {[%clk 00:14:27]}
{[%emt 00:00:13]} 23. Be2 {[%clk 00:03:22]} {[%emt 00:02:05]} a5 {[%clk
00:12:31]} {[%emt 00:02:27]} 24. a4 {[%clk 00:03:26]} {[%emt 00:00:26]} b6
{[%clk 00:09:44]} {[%emt 00:03:16]} 25. Rhd1 {[%clk 00:03:14]} {[%emt
00:00:42]} Re7 {[%clk 00:06:13]} {[%emt 00:04:01]} 26. Ba6+ {[%clk 00:02:34]}
{[%emt 00:01:10]} Kb8 {[%clk 00:05:41]} {[%emt 00:01:02]} 27. Rd6 {[%clk
00:01:13]} {[%emt 00:01:51]} Ka7 {[%clk 00:04:40]} {[%emt 00:01:31]} 28. Bc4
{[%clk 00:01:04]} {[%emt 00:00:39]} Qxf3 {[%clk 00:02:56]} {[%emt 00:02:14]} 29.
Rd7+ {[%clk 00:01:07]} {[%emt 00:00:28]} Rxd7 {[%clk 00:03:18]} {[%emt
00:00:08]} 30. Rxd7+ {[%clk 00:01:33]} {[%emt 00:00:03]} Ka8 {[%clk 00:03:26]}
{[%emt 00:00:22]} 31. Rxf7 {[%clk 00:01:52]} {[%emt 00:00:12]} Qg2 {[%clk
00:02:09]} {[%emt 00:01:46]} 32. Ba6 {[%clk 00:01:46]} {[%emt 00:00:37]} Qe4+
{[%clk 00:02:30]} {[%emt 00:00:09]} 33. Kb2 {[%clk 00:02:14]} {[%emt 00:00:02]}
h5 {[%clk 00:02:31]} {[%emt 00:00:28]} 34. Bb7+ {[%clk 00:01:15]} {[%emt
00:01:30]} Kb8 {[%clk 00:02:53]} {[%emt 00:00:07]} 35. f4 {[%clk 00:01:35]}
{[%emt 00:00:10]} Qe2+ {[%clk 00:00:41]} {[%emt 00:02:42]} 36. Ka3 {[%clk
00:02:00]} {[%emt 00:00:05]} b5 {[%clk 00:00:36]} {[%emt 00:00:36]} 37. Be5+
{[%clk 00:01:37]} {[%emt 00:00:53]} Ka7 {[%clk 00:01:01]} {[%emt 00:00:05]} 38.
Bxc6+ {[%clk 00:01:20]} {[%emt 00:00:47]} Kb6 {[%clk 00:01:25]} {[%emt
00:00:05]} 39. axb5 {[%clk 00:01:10]} {[%emt 00:00:41]} Qd2 {[%clk 00:01:25]}
{[%emt 00:00:30]} 40. Rd7 {[%clk 00:01:04]} {[%emt 00:00:37]} Qc1+ {[%clk
00:00:31]} {[%emt 00:01:25]} 41. Ka4 {[%clk 00:01:23]} {[%emt 00:00:10]} 1-0

[Event "25th 4NCL Congress"]
[Site "Leamington Spa, United Kingdom"]
[Date "2021.07.10"]
[Round "2.3"]
[White "Wells, Peter K"]
[Black "Menzies, Colin W"]
[Result "1-0"]
[TimeControl "All moves in 90 minutes + 30 seconds per move"]
[WhiteElo "2397"]
[BlackElo "2185"]

1. d4 {[%clk 01:30:54]} {[%emt 00:00:06]} g6 {[%clk 01:30:51]} {[%emt
00:00:10]} 2. e4 {[%clk 01:30:55]} {[%emt 00:00:29]} Bg7 {[%clk 01:31:06]}
{[%emt 00:00:15]} 3. c4 {[%clk 01:29:36]} {[%emt 00:01:49]} d6 {[%clk
01:30:33]} {[%emt 00:01:03]} 4. Nc3 {[%clk 01:30:00]} {[%emt 00:00:05]} e5
{[%clk 01:30:21]} {[%emt 00:00:43]} 5. Nf3 {[%clk 01:25:33]} {[%emt 00:04:57]}
Nc6 {[%clk 01:28:33]} {[%emt 00:02:18]} 6. Bg5 {[%clk 01:17:47]} {[%emt
00:08:15]} f6 {[%clk 01:17:36]} {[%emt 00:11:28]} 7. Be3 {[%clk 01:16:25]}
{[%emt 00:01:51]} Bg4 {[%clk 01:10:26]} {[%emt 00:07:40]} 8. d5 {[%clk
01:03:52]} {[%emt 00:13:04]} Nd4 {[%clk 01:10:49]} {[%emt 00:00:08]} 9. Nb5
{[%clk 00:52:09]} {[%emt 00:12:13]} f5 {[%clk 00:57:05]} {[%emt 00:14:14]} 10.
Qa4 {[%clk 00:28:44]} {[%emt 00:23:55]} Kf8 {[%clk 00:43:49]} {[%emt 00:13:47]}
11. Nfxd4 {[%clk 00:23:07]} {[%emt 00:06:06]} exd4 {[%clk 00:43:48]} {[%emt
00:00:30]} 12. Bxd4 {[%clk 00:23:24]} {[%emt 00:00:14]} fxe4 {[%clk 00:41:47]}
{[%emt 00:02:30]} 13. Bxg7+ {[%clk 00:18:17]} {[%emt 00:05:38]} Kxg7 {[%clk
00:42:06]} {[%emt 00:00:11]} 14. Qa3 {[%clk 00:17:23]} {[%emt 00:01:25]} Nf6
{[%clk 00:30:58]} {[%emt 00:11:38]} 15. Nd4 {[%clk 00:16:24]} {[%emt 00:01:29]}
Qe7 {[%clk 00:23:38]} {[%emt 00:07:51]} 16. Be2 {[%clk 00:15:04]} {[%emt
00:01:50]} Bd7 {[%clk 00:20:52]} {[%emt 00:03:16]} 17. O-O {[%clk 00:13:51]}
{[%emt 00:01:43]} Qe5 {[%clk 00:20:58]} {[%emt 00:00:24]} 18. Rad1 {[%clk
00:13:00]} {[%emt 00:01:21]} Rhf8 {[%clk 00:17:09]} {[%emt 00:04:18]} 19. Nc2
{[%clk 00:10:51]} {[%emt 00:02:40]} Ng4 {[%clk 00:12:54]} {[%emt 00:04:44]} 20.
Bxg4 {[%clk 00:09:48]} {[%emt 00:01:34]} Bxg4 {[%clk 00:13:18]} {[%emt
00:00:06]} 21. Rde1 {[%clk 00:09:00]} {[%emt 00:01:18]} Qf4 {[%clk 00:07:20]}
{[%emt 00:06:28]} 22. Qc3+ {[%clk 00:06:39]} {[%emt 00:02:51]} Kg8 {[%clk
00:07:21]} {[%emt 00:00:28]} 23. Qd4 {[%clk 00:04:42]} {[%emt 00:02:28]} Rae8
{[%clk 00:04:14]} {[%emt 00:03:37]} 24. f3 {[%clk 00:04:44]} {[%emt 00:00:29]}
Bd7 {[%clk 00:03:46]} {[%emt 00:00:57]} 25. fxe4 {[%clk 00:04:23]} {[%emt
00:00:53]} Qe5 {[%clk 00:03:20]} {[%emt 00:00:55]} 26. Rxf8+ {[%clk 00:04:11]}
{[%emt 00:00:42]} Kxf8 {[%clk 00:03:49]} {[%emt 00:00:01]} 27. Qxe5 {[%clk
00:04:14]} {[%emt 00:00:28]} Rxe5 {[%clk 00:04:17]} {[%emt 00:00:01]} 28. Kf2
{[%clk 00:04:25]} {[%emt 00:00:19]} Kg7 {[%clk 00:03:34]} {[%emt 00:01:13]} 29.
Nd4 {[%clk 00:03:54]} {[%emt 00:01:01]} Kf6 {[%clk 00:03:01]} {[%emt 00:01:02]}
30. b4 {[%clk 00:04:04]} {[%emt 00:00:21]} c6 {[%clk 00:02:22]} {[%emt
00:01:09]} 31. h3 {[%clk 00:03:15]} {[%emt 00:01:19]} Re7 {[%clk 00:02:20]}
{[%emt 00:00:32]} 32. Re3 {[%clk 00:02:56]} {[%emt 00:00:49]} Ke5 {[%clk
00:02:10]} {[%emt 00:00:40]} 33. Nf3+ {[%clk 00:02:57]} {[%emt 00:00:29]} Kf6
{[%clk 00:02:40]} {[%emt 00:00:01]} 34. c5 {[%clk 00:00:56]} {[%emt 00:02:30]}
cxd5 {[%clk 00:02:06]} {[%emt 00:01:04]} 35. exd5 {[%clk 00:01:23]} {[%emt
00:00:03]} Bb5 {[%clk 00:02:09]} {[%emt 00:00:28]} 36. cxd6 {[%clk 00:00:56]}
{[%emt 00:00:57]} Rxe3 {[%clk 00:02:15]} {[%emt 00:00:23]} 37. Kxe3 {[%clk
00:01:23]} {[%emt 00:00:04]} Bc4 {[%clk 00:02:38]} {[%emt 00:00:07]} 38. Kd4
{[%clk 00:01:03]} {[%emt 00:00:50]} Bxa2 {[%clk 00:03:03]} {[%emt 00:00:05]} 39.
Ng5 {[%clk 00:00:55]} {[%emt 00:00:38]} Bb3 {[%clk 00:02:17]} {[%emt 00:01:16]}
40. d7 {[%clk 00:00:59]} {[%emt 00:00:26]} 1-0

[Event "25th 4NCL Congress"]
[Site "Leamington Spa, United Kingdom"]
[Date "2021.07.10"]
[Round "2.4"]
[White "Sedykh, Mikhail"]
[Black "Turner, Max N"]
[Result "1/2-1/2"]
[TimeControl "All moves in 90 minutes + 30 seconds per move"]
[WhiteElo "2119"]
[BlackElo "2222"]

1. d4 {[%clk 01:30:56]} {[%emt 00:00:03]} d5 {[%clk 01:30:49]} {[%emt
00:00:11]} 2. c4 {[%clk 01:31:21]} {[%emt 00:00:06]} e6 {[%clk 01:31:04]}
{[%emt 00:00:15]} 3. Nc3 {[%clk 01:31:46]} {[%emt 00:00:06]} Be7 {[%clk
01:31:22]} {[%emt 00:00:11]} 4. cxd5 {[%clk 01:31:18]} {[%emt 00:00:58]} exd5
{[%clk 01:31:44]} {[%emt 00:00:09]} 5. Bf4 {[%clk 01:31:04]} {[%emt 00:00:44]}
c6 {[%clk 01:32:01]} {[%emt 00:00:13]} 6. e3 {[%clk 01:30:06]} {[%emt
00:01:28]} Bd6 {[%clk 01:32:21]} {[%emt 00:00:10]} 7. Bxd6 {[%clk 01:27:54]}
{[%emt 00:02:42]} Qxd6 {[%clk 01:32:42]} {[%emt 00:00:09]} 8. Bd3 {[%clk
01:26:58]} {[%emt 00:01:27]} Ne7 {[%clk 01:32:32]} {[%emt 00:00:39]} 9. Qc2
{[%clk 01:24:35]} {[%emt 00:02:53]} b6 {[%clk 01:30:50]} {[%emt 00:02:12]} 10.
Nge2 {[%clk 01:15:39]} {[%emt 00:09:27]} Ba6 {[%clk 01:29:56]} {[%emt
00:01:24]} 11. O-O {[%clk 01:15:14]} {[%emt 00:00:55]} Bxd3 {[%clk 01:29:23]}
{[%emt 00:01:03]} 12. Qxd3 {[%clk 01:15:42]} {[%emt 00:00:02]} O-O {[%clk
01:28:48]} {[%emt 00:01:04]} 13. Rad1 {[%clk 01:11:42]} {[%emt 00:04:30]} Nd7
{[%clk 01:24:18]} {[%emt 00:05:00]} 14. f3 {[%clk 00:53:33]} {[%emt 00:18:39]}
b5 {[%clk 01:09:54]} {[%emt 00:14:55]} 15. e4 {[%clk 00:49:58]} {[%emt
00:04:05]} Nb6 {[%clk 01:09:54]} {[%emt 00:00:29]} 16. e5 {[%clk 00:45:19]}
{[%emt 00:05:10]} Qg6 {[%clk 01:03:47]} {[%emt 00:06:36]} 17. f4 {[%clk
00:38:40]} {[%emt 00:07:09]} f5 {[%clk 00:54:00]} {[%emt 00:10:17]} 18. Nc1
{[%clk 00:26:27]} {[%emt 00:12:44]} a5 {[%clk 00:49:57]} {[%emt 00:04:32]} 19.
Nb3 {[%clk 00:24:43]} {[%emt 00:02:14]} Nc4 {[%clk 00:45:55]} {[%emt 00:04:32]}
20. Rb1 {[%clk 00:24:34]} {[%emt 00:00:40]} a4 {[%clk 00:41:16]} {[%emt
00:05:10]} 21. Nc5 {[%clk 00:24:32]} {[%emt 00:00:32]} Qh6 {[%clk 00:40:00]}
{[%emt 00:01:46]} 22. b3 {[%clk 00:12:51]} {[%emt 00:12:11]} 1/2-1/2

[Event "25th 4NCL Congress"]
[Site "Leamington Spa, United Kingdom"]
[Date "2021.07.10"]
[Round "2.5"]
[White "Nettleton, Charlie B"]
[Black "Sowray, Peter J"]
[Result "1/2-1/2"]
[TimeControl "All moves in 90 minutes + 30 seconds per move"]
[WhiteElo "2008"]
[BlackElo "2195"]

1. d4 {[%clk 01:30:57]} {[%emt 00:00:02]} d5 {[%clk 01:30:53]} {[%emt
00:00:07]} 2. c4 {[%clk 01:31:15]} {[%emt 00:00:13]} e6 {[%clk 01:31:17]}
{[%emt 00:00:06]} 3. Nc3 {[%clk 01:31:39]} {[%emt 00:00:06]} a6 {[%clk
01:31:35]} {[%emt 00:00:11]} 4. cxd5 {[%clk 01:28:48]} {[%emt 00:03:22]} exd5
{[%clk 01:31:48]} {[%emt 00:00:17]} 5. Bf4 {[%clk 01:29:03]} {[%emt 00:00:15]}
c6 {[%clk 01:29:50]} {[%emt 00:02:27]} 6. e3 {[%clk 01:29:13]} {[%emt
00:00:21]} Bd6 {[%clk 01:29:32]} {[%emt 00:00:48]} 7. Nge2 {[%clk 01:27:22]}
{[%emt 00:02:21]} Ne7 {[%clk 01:22:46]} {[%emt 00:07:16]} 8. Bxd6 {[%clk
01:25:23]} {[%emt 00:02:30]} Qxd6 {[%clk 01:23:13]} {[%emt 00:00:02]} 9. Nf4
{[%clk 01:25:19]} {[%emt 00:00:33]} Nd7 {[%clk 01:19:05]} {[%emt 00:04:38]} 10.
Bd3 {[%clk 01:20:50]} {[%emt 00:04:59]} Nf6 {[%clk 01:17:11]} {[%emt 00:02:23]}
11. Qc2 {[%clk 01:19:33]} {[%emt 00:01:48]} g6 {[%clk 01:15:58]} {[%emt
00:01:43]} 12. O-O {[%clk 01:14:01]} {[%emt 00:06:02]} Bf5 {[%clk 01:11:18]}
{[%emt 00:05:10]} 13. b4 {[%clk 01:06:48]} {[%emt 00:07:43]} O-O {[%clk
01:02:25]} {[%emt 00:09:22]} 14. Na4 {[%clk 01:04:35]} {[%emt 00:02:45]} Bxd3
{[%clk 00:59:48]} {[%emt 00:03:06]} 15. Nxd3 {[%clk 01:02:52]} {[%emt
00:02:13]} Ng4 {[%clk 00:57:46]} {[%emt 00:02:32]} 16. g3 {[%clk 01:01:39]}
{[%emt 00:01:43]} Nf5 {[%clk 00:56:35]} {[%emt 00:01:41]} 17. Qe2 {[%clk
00:53:05]} {[%emt 00:09:05]} h5 {[%clk 00:55:40]} {[%emt 00:01:24]} 18. Qf3
{[%clk 00:50:24]} {[%emt 00:03:11]} Rfe8 {[%clk 00:46:33]} {[%emt 00:09:38]} 19.
Qf4 {[%clk 00:45:11]} {[%emt 00:05:41]} Re7 {[%clk 00:43:28]} {[%emt 00:03:36]}
20. Qxd6 {[%clk 00:41:24]} {[%emt 00:04:18]} Nxd6 {[%clk 00:43:41]} {[%emt
00:00:16]} 21. Nac5 {[%clk 00:37:33]} {[%emt 00:04:21]} Kg7 {[%clk 00:41:48]}
{[%emt 00:02:23]} 22. h3 {[%clk 00:36:13]} {[%emt 00:01:50]} Nh6 {[%clk
00:40:29]} {[%emt 00:01:49]} 23. Nf4 {[%clk 00:33:23]} {[%emt 00:03:20]} Rae8
{[%clk 00:38:04]} {[%emt 00:02:55]} 24. a4 {[%clk 00:31:41]} {[%emt 00:02:13]}
f6 {[%clk 00:34:26]} {[%emt 00:04:07]} 25. b5 {[%clk 00:26:58]} {[%emt
00:05:14]} axb5 {[%clk 00:30:15]} {[%emt 00:04:41]} 26. axb5 {[%clk 00:27:19]}
{[%emt 00:00:09]} Nxb5 {[%clk 00:29:31]} {[%emt 00:01:14]} 27. Rfb1 {[%clk
00:26:56]} {[%emt 00:00:52]} Nd6 {[%clk 00:26:56]} {[%emt 00:03:05]} 28. Rb6
{[%clk 00:26:10]} {[%emt 00:01:16]} Nhf7 {[%clk 00:13:44]} {[%emt 00:13:41]} 29.
Rab1 {[%clk 00:25:02]} {[%emt 00:01:39]} h4 {[%clk 00:12:42]} {[%emt 00:01:32]}
30. g4 {[%clk 00:24:03]} {[%emt 00:01:29]} g5 {[%clk 00:10:21]} {[%emt
00:02:51]} 31. Nh5+ {[%clk 00:20:53]} {[%emt 00:03:40]} Kg6 {[%clk 00:10:45]}
{[%emt 00:00:06]} 32. Nxb7 {[%clk 00:21:04]} {[%emt 00:00:19]} Ne4 {[%clk
00:06:46]} {[%emt 00:04:29]} 33. Rxc6 {[%clk 00:19:55]} {[%emt 00:01:39]} Rb8
{[%clk 00:06:26]} {[%emt 00:00:51]} 34. Rcb6 {[%clk 00:17:29]} {[%emt
00:02:55]} Rc7 {[%clk 00:06:16]} {[%emt 00:00:40]} 35. Nc5 {[%clk 00:17:21]}
{[%emt 00:00:39]} Rxb6 {[%clk 00:04:43]} {[%emt 00:02:03]} 36. Rxb6 {[%clk
00:17:43]} {[%emt 00:00:07]} Nfd6 {[%clk 00:04:50]} {[%emt 00:00:23]} 37. f3
{[%clk 00:13:52]} {[%emt 00:04:22]} Nc4 {[%clk 00:04:20]} {[%emt 00:00:59]} 38.
Re6 {[%clk 00:09:06]} {[%emt 00:05:16]} Nxc5 {[%clk 00:04:29]} {[%emt
00:00:21]} 39. dxc5 {[%clk 00:09:17]} {[%emt 00:00:20]} Rxc5 {[%clk 00:04:26]}
{[%emt 00:00:33]} 40. Rxf6+ {[%clk 00:09:01]} {[%emt 00:00:45]} Kh7 {[%clk
00:04:48]} {[%emt 00:00:08]} 41. f4 {[%clk 00:07:54]} {[%emt 00:01:38]} Nxe3
{[%clk 00:04:03]} {[%emt 00:01:14]} 42. fxg5 {[%clk 00:07:55]} {[%emt
00:00:29]} d4 {[%clk 00:03:53]} {[%emt 00:00:40]} 43. g6+ {[%clk 00:07:07]}
{[%emt 00:01:18]} Kg8 {[%clk 00:04:21]} {[%emt 00:00:02]} 44. Rf7 {[%clk
00:06:49]} {[%emt 00:00:48]} Rc1+ {[%clk 00:04:10]} {[%emt 00:00:41]} 45. Kf2
{[%clk 00:06:20]} {[%emt 00:00:59]} Rf1+ {[%clk 00:03:51]} {[%emt 00:00:50]} 46.
Ke2 {[%clk 00:06:42]} {[%emt 00:00:08]} Rxf7 {[%clk 00:04:10]} {[%emt
00:00:11]} 47. gxf7+ {[%clk 00:07:08]} {[%emt 00:00:04]} Kxf7 {[%clk 00:04:34]}
{[%emt 00:00:06]} 48. Kd3 {[%clk 00:07:18]} {[%emt 00:00:20]} Kg6 {[%clk
00:03:45]} {[%emt 00:01:18]} 49. Kxd4 {[%clk 00:07:31]} {[%emt 00:00:18]} Nxg4
{[%clk 00:03:00]} {[%emt 00:01:14]} 50. hxg4 {[%clk 00:07:47]} {[%emt
00:00:14]} Kg5 {[%clk 00:03:20]} {[%emt 00:00:10]} 51. Ke4 {[%clk 00:08:06]}
{[%emt 00:00:11]} Kxg4 {[%clk 00:03:36]} {[%emt 00:00:14]} 52. Nf4 {[%clk
00:08:27]} {[%emt 00:00:08]} 1/2-1/2

[Event "25th 4NCL Congress"]
[Site "Leamington Spa, United Kingdom"]
[Date "2021.07.10"]
[Round "2.6"]
[White "Cox, Toby"]
[Black "Jones, Steven A"]
[Result "0-1"]
[TimeControl "All moves in 90 minutes + 30 seconds per move"]
[WhiteElo "1783"]
[BlackElo "2219"]

1. e4 {[%clk 01:30:48]} {[%emt 00:00:10]} e5 {[%clk 01:30:34]} {[%emt
00:00:26]} 2. f4 {[%clk 01:31:11]} {[%emt 00:00:08]} exf4 {[%clk 01:30:37]}
{[%emt 00:00:28]} 3. Nf3 {[%clk 01:31:35]} {[%emt 00:00:06]} g5 {[%clk
01:30:15]} {[%emt 00:00:52]} 4. h4 {[%clk 01:31:55]} {[%emt 00:00:10]} g4
{[%clk 01:30:23]} {[%emt 00:00:23]} 5. Ne5 {[%clk 01:32:15]} {[%emt 00:00:10]}
Nf6 {[%clk 01:30:11]} {[%emt 00:00:41]} 6. Bc4 {[%clk 01:32:11]} {[%emt
00:00:34]} d5 {[%clk 01:30:16]} {[%emt 00:00:26]} 7. exd5 {[%clk 01:32:22]}
{[%emt 00:00:19]} Bd6 {[%clk 01:30:35]} {[%emt 00:00:09]} 8. d4 {[%clk
01:30:21]} {[%emt 00:02:32]} Nh5 {[%clk 01:30:41]} {[%emt 00:00:24]} 9. Bb5+
{[%clk 01:18:14]} {[%emt 00:12:38]} Kf8 {[%clk 01:17:18]} {[%emt 00:13:53]} 10.
O-O {[%clk 01:06:42]} {[%emt 00:12:01]} Qf6 {[%clk 01:02:32]} {[%emt 00:15:16]}
11. Nc3 {[%clk 00:29:05]} {[%emt 00:38:07]} Rg8 {[%clk 00:40:29]} {[%emt
00:22:33]} 12. g3 {[%clk 00:18:27]} {[%emt 00:11:08]} Bxe5 {[%clk 00:27:10]}
{[%emt 00:13:49]} 13. dxe5 {[%clk 00:18:06]} {[%emt 00:00:52]} Qb6+ {[%clk
00:26:27]} {[%emt 00:01:13]} 14. Kg2 {[%clk 00:17:46]} {[%emt 00:00:49]} f3+
{[%clk 00:26:14]} {[%emt 00:00:43]} 15. Kh2 {[%clk 00:18:08]} {[%emt 00:00:09]}
Bf5 {[%clk 00:25:50]} {[%emt 00:00:53]} 16. Qe1 {[%clk 00:15:24]} {[%emt
00:03:16]} Qg6 {[%clk 00:23:04]} {[%emt 00:03:15]} 17. Be3 {[%clk 00:14:05]}
{[%emt 00:01:48]} c6 {[%clk 00:22:38]} {[%emt 00:00:56]} 18. Bc4 {[%clk
00:12:17]} {[%emt 00:02:18]} cxd5 {[%clk 00:22:38]} {[%emt 00:00:29]} 19. Nxd5
{[%clk 00:11:20]} {[%emt 00:01:28]} Nc6 {[%clk 00:22:59]} {[%emt 00:00:09]} 20.
Qd2 {[%clk 00:09:36]} {[%emt 00:02:14]} Kg7 {[%clk 00:22:07]} {[%emt 00:01:22]}
21. Qc3 {[%clk 00:07:23]} {[%emt 00:02:43]} Rgc8 {[%clk 00:22:12]} {[%emt
00:00:25]} 22. Bg5 {[%clk 00:03:43]} {[%emt 00:04:11]} h6 {[%clk 00:21:06]}
{[%emt 00:01:36]} 23. Be7 {[%clk 00:03:37]} {[%emt 00:00:36]} Kh7 {[%clk
00:20:17]} {[%emt 00:01:19]} 24. Bd6 {[%clk 00:02:41]} {[%emt 00:01:24]} b5
{[%clk 00:13:08]} {[%emt 00:07:41]} 25. Bb3 {[%clk 00:01:02]} {[%emt 00:02:09]}
b4 {[%clk 00:10:21]} {[%emt 00:03:16]} 26. Qd2 {[%clk 00:01:04]} {[%emt
00:00:28]} Na5 {[%clk 00:09:47]} {[%emt 00:01:04]} 27. c3 {[%clk 00:00:51]}
{[%emt 00:00:44]} bxc3 {[%clk 00:09:28]} {[%emt 00:00:50]} 28. bxc3 {[%clk
00:01:15]} {[%emt 00:00:06]} Nc4 {[%clk 00:09:19]} {[%emt 00:00:39]} 29. Bxc4
{[%clk 00:01:22]} {[%emt 00:00:22]} Rxc4 {[%clk 00:09:47]} {[%emt 00:00:02]} 30.
Rf2 {[%clk 00:00:52]} {[%emt 00:01:00]} Be6 {[%clk 00:09:33]} {[%emt 00:00:44]}
31. Nc7 {[%clk 00:00:48]} {[%emt 00:00:34]} Rc8 {[%clk 00:09:40]} {[%emt
00:00:23]} 32. Nxe6 {[%clk 00:01:02]} {[%emt 00:00:16]} Qxe6 {[%clk 00:09:20]}
{[%emt 00:00:50]} 33. Qd3+ {[%clk 00:01:02]} {[%emt 00:00:30]} Qg6 {[%clk
00:09:41]} {[%emt 00:00:09]} 34. Qxg6+ {[%clk 00:01:06]} {[%emt 00:00:26]} Kxg6
{[%clk 00:10:00]} {[%emt 00:00:11]} 35. Bb4 {[%clk 00:01:32]} {[%emt 00:00:03]}
Re4 {[%clk 00:09:55]} {[%emt 00:00:35]} 36. Rd1 {[%clk 00:01:29]} {[%emt
00:00:32]} Rxe5 {[%clk 00:10:19]} {[%emt 00:00:06]} 37. Rd6+ {[%clk 00:01:18]}
{[%emt 00:00:41]} Re6 {[%clk 00:10:15]} {[%emt 00:00:34]} 38. Rd7 {[%clk
00:00:40]} {[%emt 00:01:07]} a6 {[%clk 00:10:32]} {[%emt 00:00:14]} 39. Rfd2
{[%clk 00:00:49]} {[%emt 00:00:21]} Rc4 {[%clk 00:09:41]} {[%emt 00:01:22]} 40.
R7d4 {[%clk 00:00:50]} {[%emt 00:00:29]} Re2+ {[%clk 00:09:41]} {[%emt
00:00:30]} 41. Kg1 {[%clk 00:00:45]} {[%emt 00:00:35]} Rxd4 {[%clk 00:10:00]}
{[%emt 00:00:11]} 42. cxd4 {[%clk 00:00:53]} {[%emt 00:00:22]} Nxg3 {[%clk
00:09:58]} {[%emt 00:00:31]} 43. d5 {[%clk 00:01:06]} {[%emt 00:00:17]} f2+
{[%clk 00:10:15]} {[%emt 00:00:13]} 0-1